Представление документа в формате MARC21

Поле Инд. ПП Название Значение
Тип записи a
Библиографический уровень b
001 Контрольный номер RU/IS/BASE/145981999
005 Дата корректировки 20200522190840.2
008 Кодируемые данные 20040816
084 a Индекс другой классификации/Индекс ББК 65.240.51(2Рос)
100 1_ a Автор Гимпельсон В. Е.
q Полное имя Гимпельсон Владимир Ефимович
245 a Заглавие Временная занятость в России: данные, уровень, динамика, распространенность
504 a Библиография Лит. в конце статьи
520 a Аннотация "В данной работе рассматриваются проблемы временной (на условиях срочного трудового договора и случайной) занятости в России в период 1992 - 2002 гг."
650 a Основная рубрика трудовые ресурсы
a Основная рубрика экономика
a Основная рубрика экономика труда
653 a Ключевые слова временная занятость
a Ключевые слова выборочные обследования
a Ключевые слова занятость
a Ключевые слова крупные предприятия
a Ключевые слова наемный труд
a Ключевые слова непостоянная занятость
a Ключевые слова рабочее время
a Ключевые слова разовая занятость
a Ключевые слова Россия
a Ключевые слова рынок труда
a Ключевые слова случайная занятость
a Ключевые слова социально-демографическая структура
a Ключевые слова спрос на труд
a Ключевые слова трудовое законодательство
a Ключевые слова трудовой договор
a Ключевые слова Трудовой кодекс РФ 2002
a Ключевые слова трудовые отношения
773 t Заглавие источника Экономический журнал ВШЭ
d Дата издания источника 2004
g Прочая информация Т. 8, № 2. - С. 225 - 245 : 5 табл., 5 граф.
w Контрольный № источника RU/IS/BASE/142089490
901 t Тип документа b